000 00470nam a2200157Ia 4500
008 231221s9999 xx 000 0 und d
041 _aEnglish
082 _a644 STU R
100 _aStutts, Alan T Borsenik, Frank
245 0 _aMaintenance hand book for hotels, motels and resorts
260 _c1990
_bVan Nostrand
_aNew York
300 _avii+408
650 _aHotel Management - Maintenance
650 _aMaintenance,hand,hotels,,motels,resorts
942 _cHM
999 _c207576
_d207576